000 00497nam a2200181Ia 4500
001 2215
005 20260306143825.0
008 260306t1987||||xx |||||||||||||| ||spa||
041 _aESP
082 _a616.0754
_bS83
100 _aStraub, William H.,
_eAUT
245 0 _aManual de diagnóstico por imágenes :
_bguía práctica para la solución de problemas clínicos
260 _c1987
300 _axx, 345 páginas :
_c21 cm.
650 _aGEN
654 _aCCS
942 _cLIB
_dJUS
_fJUS
_2ddc
_n
999 _c2215
_d2215